| 000 | 00000nam##2200000za#4500 |
| 001 | 9.575251 |
| 003 | CaOODSP |
| 005 | 20210624184555 |
| 007 | cr ||||||||||| |
| 008 | 150406|1983||||xxc|||||o f|0| 0 eng|d |
| 040 | |aCaOODSP|beng |
| 043 | |an-cn--- |
| 086 | 1 |aFs97-17/9-2E-PDF |
| 110 | 1 |aCanada. |bDepartment of Fisheries and Oceans. |
| 245 | 14|aThe physical oceanography of Bridport Inlet, N.W.T. Volume II of II. Individual CTD casts / |h[electronic resource]|cby Paul Greisman. |
| 260 | |aSidney - British Columbia : |bFisheries and Oceans Canada |cc1983. |
| 300 | |a212p.|btables |
| 490 | 1 |aCanadian contractor report of hydrography and ocean sciences|vNo. 9 |
| 500 | |aThe catalogue number and ISSN for the print edition appear in this electronic version. |
| 546 | |a(Résumé en français). |
| 590 | |a12-39-Supp|b2012-10-11 |
| 720 | 1 |aGreisman, Paul |
| 830 | #0|aCanadian contractor report of hydrography and ocean sciences ;|vNo. 9|w(CaOODSP)9.506655 |
| 856 | 40|ahttp://publications.gc.ca|qPDF|s6706 KB|uhttps://publications.gc.ca/collections/collection_2012/mpo-dfo/Fs97-17-9-2-eng.pdf|yNo. 9 |